000 01787nam a22002297a 4500
999 _c57897
_d57897
003 Ge_BSU
005 20210330141832.0
008 210330s2016 ge ||||| |||| 00| 0 geo d
041 _ageo
080 _a61 გ-19
100 _aგამყრელიძე, ნათია
_99199
245 _aმიკროსისხლძარღვთა კედლის ფუნქციების, ერითროციტების თვისებების და სისხლის დენადობის ცვლილებები ხანგრძლივი ზეწოლის სინდრომის დროს /
_cნათია გამყრელიძე; სამეცნიერო ხელმძღვანელი ვახტანგ ყიფიანი, თეიმურაზ პეტრიაშვილი.
264 _aთბილისი,
_c2016.
300 _a152 გვ.;
_bცხრილები
_c30 სმ.
653 _aმედიცინა
653 _aდისერტაცია
653 _aმიკროსისხლძარღვთა კედლის ფუნქციების, ერითროციტების თვისებების და სისხლის დენადობის ცვლილებები ხანგრძლივი ზეწოლის სინდრომის დროს
700 _aყიფიანი, ვახტანგ
_eსამეცნიერო ხელმძღვანელი
_97955
700 _aპეტრიაშვილი, თეიმურაზ
_eსამეცნიერო ხელმძღვანელი
_97748
710 _aთსუ
_910849
942 _2udc
_cBK